000 00606nam a2200193 i 4500
001 51402
003 ES-MaACL
005 20250820142632.0
007 t|
008 030812s1964 sp ||||1| spa d
100 1 _aDaix, Pierre.
_942463
245 1 0 _aPicasso /
_cPierre Daix ; traducción de J.M. Gimeno Palmés ; revisión y dirección Teodoro Miciano.
260 _aMadrid :
_bDaimon,
_c[1964]
300 _a272 p. :
_bil. ;
_c21 cm.
700 1 _aGimeno Palmés, J. M.
_957093
700 1 _aMiciano, Teodoro,
_d1903-1974
_980944
852 _aES-MaACL
_jC-27013
_bR.56070
999 _c51402
_d51402